000 00675nam a2200229Ia 4500
003 GCL
008 140319s9999 xx 000 0 ara d
040 _aGCL /
_cGCL
082 0 4 _a812.009
_bن ف
100 1 _aنبيل راغب
245 1 0 _aفن الدراما عند رشاد رشدى /
_cنبيل راغب
260 _a[S.N] :
_bالهيئة المصرية العامة للكتاب ،
_c1988
300 _a195 ص
490 _a
650 0 4 _aالادب العربى
650 0 4 _aمصر
650 0 4 _aالتأليف المسرحى
650 0 4 _aالمسرح العربى
650 0 4 _aرشاد رشدى
650 0 4 _aتاريخ ونقد
942 _2ddc
_cBK
999 _c29507
_d29507